000
00221nam a22001097a 4500
003
OSt
008
250104b |||||||| |||| 00| 0 eng d
041
_a
eng
100
_a
Kannan K
_9
1705
245
_a
Grosmichel
942
_c
BK
999
_c
18920
_d
18920